|
|
|
|
| LEADER |
00000ny a22000003n 4500 |
| 005 |
20110510103117.0 |
| 008 |
080925s20029999sp r s 000 a0spa c |
| 035 |
|
|
|a 1677
|
| 040 |
|
|
|a UMA.RE
|d vlex
|
| 080 |
|
|
|a 351.713(460)(0.034)
|
| 090 |
|
|
|c 1492
|d 1492
|
| 245 |
0 |
0 |
|a Boletn̕ Tributario
|h [Recurso electrn̤ico]
|c CMS Albiąna Sur̀ez de Lezo
|
| 256 |
|
|
|a Servicio en ln̕ea
|
| 260 |
|
|
|a [Madrid] :
|b CMS Albiąna Sur̀ez de Lezo
|
| 310 |
|
|
|a Indeterminada
|
| 506 |
1 |
|
|a Contenido solo disponible en los productos indicados
|d vLex Global
|d vLex Global (Academic Edition, excluding Law Schools)
|d vLex Global (U.S. Academic Edition, Law Schools)
|d vLex Global (U.S. Academic Edition, excluding Law Schools)
|d vLex Global (Academic Edition, Law Schools)
|
| 650 |
0 |
4 |
|a Derecho fiscal
|z Espaą
|x Publicaciones perid̤icas
|
| 650 |
0 |
4 |
|a Impuesto
|z Espaą
|x Publicaciones perid̤icas
|
| 650 |
0 |
4 |
|a Tributario
|
| 650 |
0 |
4 |
|a Derecho tributario
|
| 740 |
0 |
|
|a vLex Revista (Servicios en ln̕ea)
|
| 843 |
|
|
|a Electrn̤ica. Abierta
|
| 853 |
|
|
|8 1
|i (year)
|j (month)
|k (day)
|
| 856 |
4 |
0 |
|u http://vlex.com/source/1677
|z Acceso restringido
|
| 942 |
|
|
|c REV
|